Names of countries without the letter A - Statistics

General Stats
  • This quiz has been taken 476 times
  • The average score is 24 of 30
Answer Stats
Europe % Correct
Chile
91%
Peru
91%
Greece
89%
Fiji
88%
Kosovo
88%
Sweden
88%
Belgium
86%
Yemen
86%
Luxembourg
84%
Belize
83%
Mexico
83%
Liechtenstein
82%
Morocco
82%
Togo
82%
Turkey
82%
Egypt
80%
Benin
79%
Comoros
79%
Cyprus
79%
Djibouti
78%
Lesotho
74%
Niger
74%
Seychelles
73%
United Kingdom
73%
Burundi
72%
Brunei
71%
Montenegro
71%
Philippines
64%
Republic of the Congo
60%
Czech Republic
59%
No matching quizzes found
Score Distribution
Percent of People with Each Score
Percentile by Number Answered
Your Score History
You have not taken this quiz